Statistiken für Schnelle Mathematik - Quadratwurzeln

Klicken Sie hier um das Quiz zu spielen!

Allgemein

  • Dieses Quiz wurde 1.303 mal gespielt
  • Das Durchschnittsergebnis liegt bei 14 aus 20

Antwortstatistiken

ProblemLösung% Korrekt
11
98%
255
98%
10010
97%
819
97%
648
95%
14412
94%
366
94%
93
93%
42
92%
40020
90%
164
90%
497
90%
16913
87%
12111
86%
22515
86%
90030
86%
160040
85%
19614
83%
360060
82%
25616
80%
44121
80%
250050
77%
57624
75%
28917
74%
36119
74%
32418
72%
48422
72%
62525
72%
52923
71%
72927
63%
84129
63%
78428
62%
202545
62%
67626
60%
96131
57%
122535
57%
102432
56%
129636
53%
302555
53%
108933
52%
193644
51%
152139
50%
230448
50%
270452
49%
313656
49%
324957
49%
280953
48%
144438
47%
176442
47%
220947
47%
115634
46%
136937
46%
168141
46%
184943
46%
260151
44%
291654
43%
240149
42%
211646
38%
336458
33%
348159
33%

Verteilung der Resultate

Perzentil nach korrekt beantworteten Fragen

Anzahl Personen mit jedem Resultat

Ihre Resultats-Entwicklung

Sie haben dieses Quiz noch nicht gespielt